[Event "HUN-chT2 Asztalos 1617"]
[Site "Hungary"]
[Date "2017.01.29"]
[Round "7.10"]
[White "Papp, Abel1111"]
[Black "Vuity, Janos"]
[Result "1/2-1/2"]
[WhiteElo "1360"]
[BlackElo "1843"]
[PlyCount "103"]
[EventDate "2016.09.25"]
[EventType "team-tourn"]
[EventRounds "11"]
[EventCountry "HUN"]
[SourceTitle "EXT 2021"]
[Source "ChessBase"]
[SourceDate "2020.10.23"]
[SourceVersion "1"]
[SourceVersionDate "2020.10.23"]
[SourceQuality "1"]
[WhiteTeam "Szentlorinc"]
[BlackTeam "Baja"]
[WhiteTeamCountry "HUN"]
[BlackTeamCountry "HUN"]

1. e4 c6 2. d4 d5 3. Nc3 dxe4 4. Nxe4 Nd7 5. Nf3 Ngf6 6. Nxf6+ Nxf6 7. Bc4 e6 8. Bg5 Be7 9. Qd2 0-0 10. 0-0 Ne4 11. Bxe7 Nxd2 12. Bxd8 Nxf3+ 13. gxf3 Rxd8 14. Rad1 b6 15. c3 Bb7 16. Be2 Rd6 17. h3 Rad8 18. b4 Rd5 19. Kg2 Rg5+ 20. Kh2 Rf5 21. Rg1 Kf8 22. Kg3 Rg5+ 23. Kh2 Rxg1 24. Kxg1 Rd5 25. Kh2 Rf5 26. Kg3 Ke7 27. h4 Rd5 28. f4 Rd6 29. Bf3 Ba6 30. a4 Bc4 31. Rd2 c5 32. bxc5 bxc5 33. a5 cxd4 34. Rxd4 Rxd4 35. cxd4 Kd6 36. Bb7 Bd5 37. Ba6 f6 38. Bd3 h6 39. f5 e5 40. dxe5+ Kxe5 41. Kg4 Bf7 42. Kf3 h5 43. Ke3 Bd5 44. f4+ Kd6 45. Kd4 Bf3 46. Kc4 Kc6 47. Kb4 Bd1 48. Be4+ Kd6 49. Kc4 Be2+ 50. Kd4 Bd1 51. Kc4 Be2+ 52. Kd4 1/2-1/2